000 00562nam a22001577a 4500
003 OSt
005 20151208105726.0
008 151208b xxu||||| |||| 00| 0 eng d
040 _cRUA
082 _aATM MOU 2000 B191 Or.1
100 _94524
_aMOUNG NOLY; មួង ណូលី.
245 _aThe effect of tyre pressure on soil compaction, ឥទ្ធិពលនៃសំពាធកង់ត្រាក់ទ័រលើការហាប់របស់ដី.
260 _aPhnom Penh
_bRUA
_c2000
300 _aiii; 68p.
_bill.
_c29cm.
942 _2ddc
_cATM
999 _c4215
_d4215